00284nam a2200121Ia 4500008004100000100002000041245001600061260003200077300000900109650002000118942000700138999001700145190216s9999||||xx |||||||||||||| ||und|| aRadhakrishnan C 0aUlpirivukal bPoorna Pubs Kozhikodec1970 a125p aMalayalam Novel cBK c27399d27399